Eleccions de Diputats a Corts a Barcelona, 1808-1868 / Jesus Mestre Campi
Descripción Física:
p. 658-724 ; 30 cm
Otros Autores:
Termes, Josep, 1936-2011
MARC
| LEADER | 00000nam a2200000Ia 4500 | ||
|---|---|---|---|
| 001 | 2181 | ||
| 008 | 160829s1985 xx 000 0 cat d | ||
| 080 | |a M-1-101 | ||
| 100 | |a Mestre i Campi, Jesús |9 36923 | ||
| 245 | |a Eleccions de Diputats a Corts a Barcelona, 1808-1868 / Jesus Mestre Campi | ||
| 260 | |a [Barcelona : |b s.n.], |c 1985 | ||
| 300 | |a p. 658-724 ; |c 30 cm | ||
| 590 | |a Separata de 'Una ciutat emmurallada al temps de la revolució industrial. Barcelona : Ciutat, societat i política (1823-1859)'. Tesi doctoral dirigida per Josep Termes, Universitat de Barcelona, juny de 1985, vol. 2, annex 5 i 6. | ||
| 650 | |a Diputats |x Eleccions |x Barcelona |x 1808/1868 |9 36924 | ||
| 700 | 1 | |a Termes, Josep, |d 1936-2011 |e director |9 37159 | |
| 710 | 2 | |a Universitat de Barcelona |9 51297 | |
| 901 | |a Arxiu | ||
| 942 | |n 1 |2 udc | ||
| 952 | |0 0 |1 0 |4 0 |6 M1101 |7 1 |9 47571 |a Arxiu |b Arxiu |d 2016-12-01 |l 0 |o M-1-101 |p 2181 |r 2016-12-01 00:00:00 |w 2016-12-01 |y ARXIU | ||
| 999 | |c 51370 |d 51370 | ||